Beyond farmer first (Record no. 34309)

MARC details
000 -LEADER
fixed length control field 00537nam a22001577a 4500
003 - CONTROL NUMBER IDENTIFIER
control field OSt
005 - DATE AND TIME OF LATEST TRANSACTION
control field 20220405085610.0
008 - FIXED-LENGTH DATA ELEMENTS--GENERAL INFORMATION
fixed length control field 220405b |||||||| |||| 00| 0 eng d
020 ## - INTERNATIONAL STANDARD BOOK NUMBER
International Standard Book Number 1853392502
040 ## - CATALOGING SOURCE
Transcribing agency HU
082 ## - DEWEY DECIMAL CLASSIFICATION NUMBER
Classification number 338.1
245 ## - TITLE STATEMENT
Title Beyond farmer first
Remainder of title rural people's knowledge, agricultural research and extension practice
Statement of responsibility, etc. Edited by lan Scoones and John Thompson with a Foreword by Robert Chambers
260 ## - PUBLICATION, DISTRIBUTION, ETC.
Place of publication, distribution, etc. LONDON
Name of publisher, distributor, etc. INTERMEDIATE TECHNOLOGY PUBLICATIONS
Date of publication, distribution, etc. 2000
300 ## - PHYSICAL DESCRIPTION
Extent Xvi,302 p
Other physical details pc
Dimensions 24
942 ## - ADDED ENTRY ELEMENTS (KOHA)
Source of classification or shelving scheme Dewey Decimal Classification
Koha item type Books like text book referance book
Suppress in OPAC No
Holdings
Withdrawn status Lost status Source of classification or shelving scheme Damaged status Not for loan Collection code Home library Current library Shelving location Date acquired Total Checkouts Full call number Barcode Date last seen Copy number Price effective from Koha item type
    Dewey Decimal Classification     Reference Wondo Genet Library Wondo Genet Library General Stacks 04/05/2022   338.1 BEY 2000 WGCFNRL00018514 04/05/2022 1 04/05/2022 Books like text book referance book
    Dewey Decimal Classification     Reference Wondo Genet Library Wondo Genet Library General Stacks 04/05/2022   338.1 BEY 2000 WGCFNRL00018515 04/05/2022 2 04/05/2022 Books like text book referance book